000 00492nam a22001937a 4500
003 MPLRDC
005 20220104153622.0
008 210129b ||||| |||| 00| 0 eng d
020 _a988-97097-0-8
082 _a805.122 TJ
100 _a陶杰
245 _a美妙英语小故事
_c
250 _a初版
260 _a
_b青桐社文化事业有限公司
_c2003
300 _b
490 _aENG轻松学英文系列. 3
650 _a单语、英语语汇
942 _cBK
_o805.122 TJ
999 _c53531
_d53521